00413nam a2200157Ia 4500008004100000020001500041082001700056100001700073245001100090250000700101260003000108300002700138500001900165600002100184650005000205240925s9999 xx 000 0 und d a8176353914 a005.5765 DUB aDubois, Paul 0aMY SQL aNA aNAbNot Availablec,2000. axx,589p.bNAfOriginal aIncludes Index aComputer Science aComputer science, information & general works